| 000 | 00531nam a22001577a 4500 | ||
|---|---|---|---|
| 003 | OSt | ||
| 005 | 20151102081627.0 | ||
| 008 | 151102b xxu||||| |||| 00| 0 eng d | ||
| 040 | _cRUA | ||
| 082 | _aFOR ប៉ក់ 1993 B118 Or.1 | ||
| 100 |
_93163 _aប៉ក់ ជាលី |
||
| 245 | _aការសិក្សាស្រាវជ្រាវជំរឿនដីព្រៃឈើក្នុងខេត្តស្វាយរៀង | ||
| 260 |
_aPhnom Penh _bRUA _c1993 |
||
| 300 |
_a92p. _bill. _c29cm. |
||
| 942 |
_2ddc _cFOR |
||
| 999 |
_c2951 _d2951 |
||